000 01073nam a2200301 4500
003 EC-UNACH
005 20251219181353.0
006 s||||gr|||| 00| 00
008 150116t9999 mx r gr 000 0 spa d
020 _aS/N
040 _aEC-UNACH
_cEC-UNACH
041 _aspa
082 0 4 _223
_a333.794
_bL018568
110 _aEditorial Board
245 _aEcuador en el camino de la energía sustentable para todos
250 _aSegunda edición
264 _aEcuador
_bEditorial Board
_c2015
300 _a237
505 _aEnergía renovable del Ecuador. Un mito hecho realidad.-- Proyectos y centrales de generación eléctrica por regiones del Ecuador.-- Región Insular.-- Región del Oriente.-- Región del litoral.-- Región Sierra
650 _9 DESARROLLO ENERGETICO
650 _aRECURSOS ENERGETICOS
650 _aINDUSTRIA Y PRODUCCIÓN
700 _aAgencia de Regulación y Control de Electricidad - ARCONEL
942 _2ddc
_c1
999 _c14338